000 00406nam a2200145Ia 4500
008 100122s9999 xx 000 0 und d
082 _b8816
_a823.08
100 _aभावे पु भा
245 _aदेव्हारा
260 _bमंदिर प्रकाशन
_c1956
300 _a140
630 _aदेव्हारा
730 _aदेव्हारा
942 _cBOOK
999 _c401016
_d401013